00254nam a2200097 a 4500008004100000050001500041100001700056245005600073350000900129700001800138120416s9999 xx |||||||||||||| || u aTF 200 Nat aWilson, W. A14aThe building of the first transcontinental railroad a0.00 aNathan, Adele